Szczegóły MARC21

Narkotyki i nowe substancje psychoaktywne : zjawisko, zagrożenia, profilaktyka /

003 -Nazwa inst., której nr kontr. jest w polu 001 [,]
    • @
    • Nazwa instytucji, której n kontrolny jest w polu 001
    • NUKAT
005 -DATA I CZAS OSTATNIEJ MODYFIKACJI [,]
    • @
    • pole kontrolne
    • 20260413135203.0
020 -Międzynarod. znormalizowany nr książki - ISBN [ , ]
    • a
    • Numer ISBN
    • 9788375459395 Find
020 -Międzynarod. znormalizowany nr książki - ISBN [ , ]
    • a
    • Numer ISBN
    • 9788395169151 Find
040 -Instytucja sporządzająca opis [ , ]
    • a
    • Instytucja, która sporządziła opis (NP)
    • WR U/MW
    • b
    • Język katalogowania
    • pol
    • e
    • Zasady katalogowania
    • rda
    • c
    • Instytucja, która sporządziła rekord (NP)
    • WR U/MW
    • d
    • Instytucja, która zmodyfikowała rekord (P)
    • WR U/ms
    • d
    • Instytucja, która zmodyfikowała rekord (P)
    • WR U/MWs
    • d
    • Instytucja, która zmodyfikowała rekord (P)
    • BYDG 020/AMs
942 -Rodzaj dokumentu [ , ]
    • c
    • Rodzaj dokumentu
    • Książka
100 -Hasło główne - nazwa osobowa [1, ]
    • a
    • Nazwa osobowa (NP)
    • Jędrzejko, Mariusz.
    • e
    • Rodzaj współpracy
    • Autor
    • 9
    • KHW
    • 11560
240 -Tytuł ujednolicony [1,0]
    • a
    • Tytuł ujednolicony
    • Narkotyki i dopalacze
    • l
    • Język tekstu
    • (pol.)
    • 9
    • KHW
    • 501608
245 -Strefa tytułu i oznaczenia odpowiedzialności [1,0]
    • a
    • Tytuł
    • Narkotyki i nowe substancje psychoaktywne : Find
    • b
    • Ciąg dalszy tytułu (NP)
    • zjawisko, zagrożenia, profilaktyka / Find
    • c
    • Pozostałe elementy strefy tytułu i oznaczenia odpowiedzialności (NP)
    • Mariusz Z. Jędrzejko, Tomasz Białas, współpraca autorska Zbigniew Staśczak.
250 -Strefa wydania [ , ]
    • a
    • Oznaczenie wydania (NP)
    • Wydanie III zmienione, uzupełnione i uaktualnione.
260 -Strefa adresu wydawniczego [ , ]
    • a
    • Miejsce wydania (P)
    • Warszawa :
    • b
    • Nazwa wydawcy (P)
    • Oficyna wydawnicza ASPRA ;
    • a
    • Miejsce wydania (P)
    • [Milanówek] :
    • b
    • Nazwa wydawcy (P)
    • Centrum Profilaktyki Społecznej Oficyna Wydawnicza von Velke,
    • c
    • Data wydania (P)
    • 2019.
300 -Strefa opisu fizycznego [ , ]
    • a
    • Określenie formy książki i/lub objętość (NP)
    • 279 stron :
    • b
    • Oznaczenie ilustracji (NP)
    • ilustracje ;
    • c
    • Format (NP)
    • 24 cm.
336 -Typ zawartości [ , ]
    • a
    • Termin opisujący typ zawartości
    • Tekst
    • b
    • Kod określający zawartość
    • txt
    • 2
    • Źródło (terminu i kodu)
    • rdacontent
337 -Typ mediów [ , ]
    • a
    • Tryb odtwarzania
    • Bez urządzenia pośredniczącego
    • b
    • Kod typu mediów
    • n
    • 2
    • Źródło (terminu i kodu)
    • rdamedia
338 -Typ/rodzaj nośnika [ , ]
    • a
    • Hasło opisujące typ nośnika
    • Wolumin
    • b
    • Kod typu nośnika
    • nc
    • 2
    • Źródło (terminu i kodu)
    • rdacarrier
380 -Deskryptor - Forma dzieła (P) [ , ]
    • a
    • forma dzieła (NP)
    • Książki
500 -Uwaga ogólna [ , ]
    • a
    • Uwaga ogólna (NP)
    • Drugie miejsce wydania na podstawie siedziby wydawcy.
504 -Uwaga dot. bibliogr. załącznikowej [ , ]
    • a
    • Uwaga dot. bibliografii załącznikowej
    • Bibliografia, netografia, akty prawne na stronach 271-279.
650 -Hasło przedmiotowe [ ,7]
    • a
    • Hasło przedmiotowe
    • Narkomania dzieci i młodzieży
    • 2
    • Źródło terminu
    • DBN
    • 9
    • KHW
    • 744757
650 -Hasło przedmiotowe [ ,7]
    • a
    • Hasło przedmiotowe
    • Profilaktyka narkomanii
    • 2
    • Źródło terminu
    • DBN
    • 9
    • KHW
    • 745106
650 -Hasło przedmiotowe [ ,7]
    • a
    • Hasło przedmiotowe
    • Narkotyki
    • v
    • Określnik formalny
    • poradniki.
    • 2
    • Źródło terminu
    • kaba
    • 9
    • KHW
    • 473408
650 -Hasło przedmiotowe [ ,7]
    • a
    • Hasło przedmiotowe
    • Narkotyki
    • x
    • Określnik rzeczowy
    • aspekt społeczny.
    • 2
    • Źródło terminu
    • kaba
    • 9
    • KHW
    • 405252
650 -Hasło przedmiotowe [ ,7]
    • a
    • Hasło przedmiotowe
    • Narkomania
    • x
    • Określnik rzeczowy
    • zapobieganie.
    • 2
    • Źródło terminu
    • kaba
    • 9
    • KHW
    • 133587
650 -Hasło przedmiotowe [ ,7]
    • a
    • Hasło przedmiotowe
    • Narkomani
    • x
    • Określnik rzeczowy
    • psychologia.
    • 2
    • Źródło terminu
    • kaba
    • 9
    • KHW
    • 133584
650 -Hasło przedmiotowe [ ,7]
    • a
    • Hasło przedmiotowe
    • Dopalacze
    • v
    • Określnik formalny
    • poradniki.
    • 2
    • Źródło terminu
    • kaba
    • 9
    • KHW
    • 473407
651 -Hasło przedmiotowe w formie nazwy geograficznej [ ,7]
    • a
    • Nazwa geograficzna
    • Polska
    • 2
    • Źródło terminu
    • DBN
    • 9
    • KHW
    • 721438
658 -Ujęcie treści [ , ]
    • a
    • dziedzina nauki i sztuki/ sfera aktywności życiowej
    • Medycyna i zdrowie
658 -Ujęcie treści [ , ]
    • a
    • dziedzina nauki i sztuki/ sfera aktywności życiowej
    • Psychologia
700 -Hasło dodatkowe - nazwa osobowa [1, ]
    • a
    • Nazwa osobowa (NP)
    • Białas, Tomasz. Find
    • e
    • Określenie rodzaju współpracy
    • Autor
    • 9
    • KHW
    • 473510
700 -Hasło dodatkowe - nazwa osobowa [1, ]
    • a
    • Nazwa osobowa (NP)
    • Staśczak, Zbigniew. Find
    • e
    • Określenie rodzaju współpracy
    • Autor
    • 9
    • KHW
    • 473509
710 -Hasło dodatkowe - nazwa ciała zbiorowego [2, ]
    • a
    • Nazwa ciała zbiorowego lub nazwa geograficzna jako pierwszy element (NP)
    • Oficyna Wydawnicza Aspra-JR.
    • e
    • Rodzaj współpracy
    • Wydawca
    • 4
    • Kod relacji
    • pbl
    • 9
    • KHW
    • 54095
710 -Hasło dodatkowe - nazwa ciała zbiorowego [2, ]
    • a
    • Nazwa ciała zbiorowego lub nazwa geograficzna jako pierwszy element (NP)
    • Centrum Profilaktyki Społecznej (Milanówek).
    • e
    • Rodzaj współpracy
    • Wydawca
    • 4
    • Kod relacji
    • pbl
    • 9
    • KHW
    • 468399
856 -Dostęp do wersji elektronicznej [4,8]
    • 3
    • Wyszczególnienie materiału
    • Okładka
920 -ISBN [ , ]
    • a
    • ISBN
    • 978-83-7545-939-5 Find
920 -ISBN [ , ]
    • a
    • ISBN
    • 978-83-951691-5-1 Find
Numer inwentarzowy Data inwentaryzacji Sygnatura Lokalizacja Status udost.
WF.104532019-05-28Uzależnienia, patologie 28BM1
H.328272019-05-24 BNS1
H.328282019-05-24 BNS-3